000 00621nmm a2200193Ia 4500
008 251105s9999||||xx |||||||||||||||||und||
020 _a9788431536305
041 _aspa
100 _aStyler, Christopher
245 0 _aMujeres desesperadas libro de cocina. Más de 125 platos jugosos y bocaditos tentadores
264 _a[Madrid, España] :
_bDe Vecchi,
_c[Fecha de publicación no identificada]
300 _a0 páginas
650 _aCooking
700 _aStyler, Christopher
700 1 _a Tobis, Scott S.
700 1 _a Cherry, Marc
856 _uhttps://public.digitaliapublishing.com/a/123102
942 _cCF
999 _c71801
_d71801